00842 a2200181 4500003000500000005001700005010001600022020001500038035002100053040000900074082002100083245007400104260005100178300008100229505030800310650002300618700001900641Nust20221019111142.0 a 95005472 a1562053191 a(DLC) 95005472 cNust00a620.00420285,SOE00aInside AutoCAD Release 13 for Windows and Windows NT /cFrancis Soen  aIndianapolis, Ind. :bNew Riders Pub.,cc1995. axxviii, 1492 p. :bill. (some col.) ;c24 cm. +e1 computer disk (3 1/2 in.) aPart-1: Getting Started (Page-17), Part-2: Basic 2D CAD Drafting (Page-133), Part-3: Advanced 2D CAD Drafting (Page-369), Part-4: Automating Drafting (Page-639), Part-5: Dimensioning (Page-873), Part-6: Drawing and Data I/O (Page-1041), Part-7: AutoCAD and 3D (Page-1149), Part-8: Apendixes (Page-1375). 0aComputer graphics.1 aSoen, Francis.